Олександр Мишуга – король тенорів (Запис № 338563)

МАРК-запис
000 -LEADER
fixed length control field 00741nam a22002417a 4500
001 - CONTROL NUMBER
control field 52473
003 - CONTROL NUMBER IDENTIFIER
control field UA-OsUOA
005 - DATE AND TIME OF LATEST TRANSACTION
control field 20230828111355.0
007 - PHYSICAL DESCRIPTION FIXED FIELD--GENERAL INFORMATION
fixed length control field ta
008 - FIXED-LENGTH DATA ELEMENTS--GENERAL INFORMATION
fixed length control field 20080218b un ||||| |||| 00| 0 ukr d
020 ## - INTERNATIONAL STANDARD BOOK NUMBER
International Standard Book Number 9669502489
040 ## - CATALOGING SOURCE
Original cataloging agency UA-OsUOA
Language of cataloging ukr
Transcribing agency UA-OsUOA
Modifying agency UA-OsUOA
041 ## - LANGUAGE CODE
Language code of text/sound track or separate title ukr
080 ## - UNIVERSAL DECIMAL CLASSIFICATION NUMBER
Universal Decimal Classification number 82-94:78
090 ## - LOCALLY ASSIGNED LC-TYPE CALL NUMBER (OCLC); LOCAL CALL NUMBER (OCLC)
Classification number (OCLC) (R) ; Classification number, CALL (RLIN) (NR) 82-94:78
Local cutter number (OCLC) ; Book number/undivided call number, CALL (RLIN) О-53
245 ## - TITLE STATEMENT
Title Олександр Мишуга – король тенорів
Statement of responsibility, etc Головащенко М.
260 ## - PUBLICATION, DISTRIBUTION, ETC. (IMPRINT)
Place of publication, distribution, etc К.
Name of publisher, distributor, etc Музична Україна
Date of publication, distribution, etc 2004
300 ## - PHYSICAL DESCRIPTION
Extent 610 с.
650 #7 - SUBJECT ADDED ENTRY--TOPICAL TERM
Topical term or geographic name as entry element 82 Література. Літературознавство
Source of heading or term UDC
942 ## - ADDED ENTRY ELEMENTS (KOHA)
Koha item type Книги
Source of classification or shelving scheme Universal Decimal Classification
955 ## - COPY-LEVEL INFORMATION (RLIN)
Classification number, CCAL (RLIN) Навчальні видання
Фонди
Withdrawn status Lost status Source of classification or shelving scheme Damaged status Not for loan Home library Current library Date acquired Source of acquisition Cost, normal purchase price Inventory number Total Checkouts Full call number Barcode Date last seen Price effective from Koha item type
    Universal Decimal Classification     АБ - Абонемент НБ АБ - Абонемент НБ 18/02/2008 20/2008 6.00 111762   82-94:78 О-53 111762 10/02/2022 18/02/2008 Книги
    Universal Decimal Classification     АБ - Абонемент НБ АБ - Абонемент НБ 27/10/2011 130/2011 20.00 135070   82-94:78 О-53 135070 10/02/2022 27/10/2011 Книги
    Universal Decimal Classification     АБ - Абонемент НБ АБ - Абонемент НБ 27/10/2011 130/2011 20.00 135071   82-94:78 О-53 135071 10/02/2022 27/10/2011 Книги